|
|
|
|
| LEADER |
01131pam a22002898a 4500 |
| 001 |
00044537 |
| 005 |
20190812090857.0 |
| 008 |
120217s2004 ||||||viesd |
| 020 |
# |
# |
|c 17000
|
| 041 |
0 |
# |
|a vie
|
| 082 |
1 |
4 |
|a 551.5
|b X550L
|
| 100 |
1 |
# |
|a Trần, Tân Tiến
|
| 245 |
1 |
0 |
|a Xử lí số liệu khí tượng và dự báo thời tiết bằng phương pháp thống kê vật lý
|c Trần Tân Tiến, Nguyễn Đăng Quế
|
| 260 |
# |
# |
|a Hà Nội
|b Đại học Quốc gia Hà Nội
|c 2002
|
| 300 |
# |
# |
|c 27 cm.
|a 136 tr.
|b hình vẽ, bảng
|
| 500 |
# |
# |
|a ĐTTS ghi: Đại học Quốc gia Hà Nội
|
| 504 |
# |
# |
|a Thư mục: tr. 135-136
|
| 653 |
# |
# |
|a Dự báo thời tiết
|
| 653 |
# |
# |
|a Giáo trình
|
| 653 |
# |
# |
|a Khí tượng
|
| 653 |
# |
# |
|a Phương pháp
|
| 653 |
# |
# |
|a Thống kê vật lý
|
| 653 |
# |
# |
|a Xử lí số liệu
|
| 700 |
1 |
# |
|a Nguyễn, Đăng Quế
|
| 852 |
# |
# |
|j KD.0025307
|j KGT.0058491
|
| 910 |
# |
# |
|d 12/08/2019
|
| 980 |
# |
# |
|a Trung tâm Học liệu Lê Vũ Hùng, Trường Đại học Đồng Tháp
|